Milliyetçilik (Record no. 10243)

MARC details
000 -BAŞLIK
Sabit Uzunlukta Kontrol Alanı 00915na a2200301 4500
001 - KONTROL NUMARASI
Denetim Alanı 15704
003 - KONTROL NUMARASI IDENTIFIER
Denetim Alanı MIRAKIL
005 - SON İŞLEM TARİHİ VE ZAMANI
Denetim Alanı 20181213155312.0
008 - SABİT-BOY VERİ ELEMANLARI - GENEL BİLGİLER
Sabit Uzunlukta Kontrol Alanı 161001b tu 000 0
020 ## - ULUSLARARASI STANDART KİTAP NUMARASI
Uluslararası Standart Kitap Numarası 9789756176856
035 ## - SİSTEM KONTROL NUMARASI
Sistem Kontrol Numarası 15704
040 ## - KATALOGLAMA KAYNAK
Orijinal Kataloglama Ajansı Milas
Kataloglama Dili tur
Metne Dönüştürmek Ajansı TR-AnCHP
041 ## - DİL KODU
Metin / Ses Parça Veya Ayrı Başlığın Dil Kodu tur
082 ## - DEWEY ONLU SINIFLANDIRMA NUMARASI
Sınıflandırma Numarası 320.54
Ürün Numarası C24m 2007
090 ## - SINIFLAMA NUMARASI
Sınıflama Numarası 320.54 C24m 2007
100 ## - ANA GİRİŞ - KİŞİSEL İSİM
Kişisel Ad Calhoun, Craig
Bir Adıyla İlişkilendirilen Tarihler 1950 -
245 ## - BAŞLIK TABLOSU
Başlık Milliyetçilik
Sorumluluk Tablosu, Vb Craig Calhoun ; çeviren Bilgen Sütçüoğlu
260 ## - YAYIN, DAĞITIM, VB
Yayın, Dağıtım, Vb Yeri İstanbul
Yayıncı, Dağıtıcı, Vs Adı İstanbul Bilgi Üniversitesi Yayınları
Yayın, Dağıtım, Vb Tarihi 2007
300 ## - FİZİKSEL TANIM
Kapsam vii, 203 s.
Boyutlar 20 sm.
440 ## - SERİSİ TABLOSU / KATMA GİRİŞİ - BAŞLIK
Başlık İstanbul Bilgi Üniversitesi yayınları
Hacim / Ardışık Tanımı 167
490 ## - SERİSİ TABLOSU
Seri Beyanı Sosyal bilimlerde kavramlar
Hacim / Ardışık Tanımı 6
504 ## - KAYNAKÇA VB NOT
Kaynakça Vb Notu Kaynakça ve dizin var.
650 ## - KONU KATMA GİRİŞ - TOPİKAL DÖNEM
Topikal Süreli Veya Coğrafi Ad Giriş Elemanı Siyasal bilimler
Genel Alt Bölümü Kavramlar
650 ## - KONU KATMA GİRİŞ - TOPİKAL DÖNEM
Topikal Süreli Veya Coğrafi Ad Giriş Elemanı Ulusalcılık
Genel Alt Bölümü Felsefe ve kuram
700 ## - KATMA GİRİŞ - KİŞİSEL İSİM
Kişisel Ad Sütçüoğlu, Bilgen
942 ## - EKLENDİ GİRİŞ ELEMANLARI (KOHA)
Sınıflandırma Veya Raf Düzeni Kaynak Dewey Decimal Classification
Koha Öğesi Türü Books
999 ## - SİSTEM KONTROL NUMARALARI (KOHA)
Koha Biblionumber 10243
Koha Biblioitemnumber 10243
657 ## - INDEX SÜRE - İŞLEVİ
-- Milliyetçilik
Holdings
Kalıcı Konum Mevcut Konum Edinme Tarihi Edinim Kaynak Toplam Check-Out'Lar Tam Çağrı Numarası Barkod Tarih Son Görülme İtibaren Geçerli Fiyatlar Koha Öğesi Türü
CHP Kütüphanesi CHP Kütüphanesi 09/21/2016 Bağış   320.54 C24m 2007 005591 09/21/2016 09/21/2016 Books